THE AYURVEDIC PHARMACOPIA OF INDIA-1 (Record no. 8621)
[ view plain ]
| 000 -LEADER | |
|---|---|
| fixed length control field | 00329nam a22001337a 4500 |
| 003 - CONTROL NUMBER IDENTIFIER | |
| control field | SGT |
| 082 ## - DEWEY DECIMAL CLASSIFICATION NUMBER | |
| Classification number | 615 |
| Item number | A01M |
| 100 ## - MAIN ENTRY--PERSONAL NAME | |
| Personal name | MINISTRY OF HEALTH & FAMILY WELFARE |
| 245 ## - TITLE STATEMENT | |
| Title | THE AYURVEDIC PHARMACOPIA OF INDIA-1 |
| 260 ## - PUBLICATION, DISTRIBUTION, ETC. (IMPRINT) | |
| Place of publication, distribution, etc | VARANASI |
| Name of publisher, distributor, etc | CHAUKHAMBHA PUB |
| Year of Publication | 2001 |
| 300 ## - PAGE DESCRIPTION | |
| No. of Pages | 260 |
| 650 ## - SUBJECT ADDED ENTRY--TOPICAL TERM | |
| Topical term or geographic name as entry element | AYURVEDA PHARMACOPIA |
| 942 ## - ADDED ENTRY ELEMENTS (KOHA) | |
| Source of classification or shelving scheme | Dewey Decimal Classification |
| Koha item type | Books |
No items available.